000 00537nam a2200181Ia 4500
008 090630s9999 xx 000 0 und d
082 _b25197
100 _aगस्ती भीमराव.
245 _aबेरड.
_cगस्ती भीमराव.
260 _bराजहंस.
_c2002
300 _a310
600 _aगस्ती भीमराव.
630 _aबेरड.
655 _aकादंबरी.
700 _aगस्ती भीमराव.
730 _aबेरड.
942 _cBOOK
999 _c277053
_d277053